000 00579nam a2200181Ia 4500
008 090124s9999 xx 000 0 und d
082 _b117558
100 _aलागू चिंतामणी
245 _a कशासाठी ? पोटासाठी !
250 _a1
260 _c1978
300 _a138
600 _aलागू चिंतामणी
630 _a कशासाठी ? पोटासाठी !
700 _aलागू चिंतामणी
730 _a कशासाठी ? पोटासाठी !
942 _cBOOK
999 _c163645
_d163645